El proceso de toma de decisiones en el deporte : clave de la eficiencia y el rendimiento óptimo /
Contenido: La pericia en el deporte; El proceso de toma de decisión en el deporte; Los procesos perceptivo-cognitivos en la toma de decisiones; Análisis de los contextos decisionales en el deporte; El entrenamiento de la toma de decisiones en el deporte; La dimensión emocional en la toma de decision...
Tallennettuna:
| Päätekijä: | |
|---|---|
| Muut tekijät: | |
| Aineistotyyppi: | Kirja |
| Kieli: | espanja |
| Julkaistu: |
Barcelona, España :
Paidós,
2005, c2005
|
| Sarja: | (Paidós Educación Física ;
52) |
| Aiheet: | |
| Tagit: |
Ei tageja, Lisää ensimmäinen tagi!
|
MARC
| LEADER | 00000nam^a2200000^a^4500 | ||
|---|---|---|---|
| 001 | 000186051 | ||
| 005 | 20250521000000.0 | ||
| 009 | 20260310102212.563 | ||
| 020 | |a 84-493-1736-3 | ||
| 037 | |a Acervo ITESO - Biblioteca | ||
| 041 | |a ESP | ||
| 082 | |a 158. 8 |b RUI | ||
| 100 | |a Ruiz Pérez, Luis Miguel |e (autor) | ||
| 245 | 1 | 3 | |a El proceso de toma de decisiones en el deporte : |b clave de la eficiencia y el rendimiento óptimo / |c L.M. Ruiz Pérez, J. Arruza Gabilondo ; pról. de Robert W. Christina. |
| 264 | 4 | |a Barcelona, España : |b Paidós, |c 2005, c2005 | |
| 300 | |a 237 p. | ||
| 336 | |a texto |b txt |2 rdacontenido | ||
| 337 | |a sin mediación |b n |2 rdamedio | ||
| 338 | |a volumen |b nc |2 rdasoporte | ||
| 440 | 1 | |a (Paidós Educación Física ; |v 52) | |
| 520 | |a Contenido: La pericia en el deporte; El proceso de toma de decisión en el deporte; Los procesos perceptivo-cognitivos en la toma de decisiones; Análisis de los contextos decisionales en el deporte; El entrenamiento de la toma de decisiones en el deporte; La dimensión emocional en la toma de decisiones en el deporte; Determinaciones situacionales en la optimización de la toma de decisiones tácticas; La toma de decisiones y el plan integral de competición; El desarrollo y mejora de la competencia para decidir: El sistema táctico-decisional. | ||
| 649 | |a XX | ||
| 650 | |a Toma de Decisiones | ||
| 650 | |a Deportes - |x Entrenamientos | ||
| 650 | |a Deportes - |x Técnica | ||
| 650 | |a Psicología Deportiva | ||
| 700 | |a Arruza Gabilondo, Joseán |e (autor) | ||
| 910 | |a Fondo General | ||
| 920 | |a Impresos - Libros | ||
| 930 | |a Colección General | ||
| 905 | |a 101 | ||
| 901 | |a 0500127469 |b IT1 |c ACC |u 20250521 | ||
| 902 | |a https://opac.biblio.iteso.mx/vufind/Record/000186051 | ||